Państwa kończące się na ,,ria'' - Statystyki

Ogólne statystyki
  • Ten quiz został rozwiązany 70 razy
  • Średni wynik to 4 z 7
Statystyki odpowiedzi
Hint Odpowiedź % Poprawnych
Europa Bułgaria
74%
Afryka Algieria
72%
Afryka Nigeria
57%
Afryka Liberia
56%
Europa Szwajcaria
52%
Europa Austria
50%
Azja Syria
43%
Nie znaleziono quizów pasujących do podanych kryteriów
Rozkład punktacji
Procent ludzi z każdym wynikiem
Percentyl według liczby udzielonych odpowiedzi
Twoja historia wyników
Nie rozwiązałeś tego quizu